| 000 | 01418cam a2200325 a 4500 | ||
|---|---|---|---|
| 999 |
_c4263 _d4263 |
||
| 001 | 2362641 | ||
| 003 | OSt | ||
| 005 | 20250204110916.0 | ||
| 008 | 220606s2018 nyua b 000 1 eng d | ||
| 020 |
_a9781635650488 _q(hbk.) : _cUS$17.99 |
||
| 020 |
_a1635650488 _q(hbk.) |
||
| 040 |
_aYDX _beng _cYDX _dBTCTA _dBDX _dCHILD _dLEHIC _dCO2 _dOCP _dVHP _dOCLCO _dUAP _dTI2 _dOCLCF _dDF$ _dTCPL _eaacr2 |
||
| 042 | _anbic | ||
| 050 | 1 | 4 |
_aPZ7.1.R82114 _bNo 2018 |
| 082 | 0 |
_a813.6 _bR896 |
|
| 100 | 1 | _aRubin, Elycia. | |
| 245 | 1 | 0 |
_aNo biggy! : _ba story about overcoming everyday obstacles / _cwords by Elycia Rubin ; pictures by Josh Talbot. |
| 246 | 3 | _aNo biggie! | |
| 246 | 3 | 0 | _aA story about overcoming everyday obstacles. |
| 260 |
_aNew York, New York : _bRodale Kids, an imprint of Rodale Books, _c2018. |
||
| 300 |
_a[32] p. : _bcol. ill. ; _c26 cm. |
||
| 520 | _aGetting frustrated is a part of life! And, whether Kiki is working on squeezing toothpaste right onto her toothbrush, getting the zipper to slide all the way up her jacket, or spreading cream cheese on a bagel, she learns that taking a deep breath, saying No Biggy! and trying again helps manage frustration. | ||
| 650 | 0 |
_aPersistence _vJuvenile fiction. |
|
| 650 | 0 |
_aConduct of life _vJuvenile fiction. |
|
| 650 | 0 |
_aParent and child _vJuvenile fiction. |
|
| 653 | _a英語學習 | ||
| 653 | _a青少年 | ||
| 700 | 1 | _aTalbot, Josh. | |
| 942 |
_2ddc _cFIC |
||